000 01106nam a22002537a 4500
999 _c64715
_d64715
005 20240530110746.0
008 181204s2018 ua g b 000 0 ara d
017 _a2017/17502
_bمصر. دار الكتب
020 _a9789778121964
040 _aEG-CaGPL
_cEG-CaGPL
082 0 4 _221
_a953.08 /
_bم ب
100 0 _aمصطفى وجيه مصطفى
245 1 0 _aبحوث فى التاريخ الاقتصادى والاجتماعى لدولة سلاطين المماليك :
_b648 - 923 هـ / 1250 - 1517 م /
_cمصطفى وجيه مصطفى
250 _aط.1
260 _aالقاهرة :
_bالمكتب العربى للمعارف،
_c2018.
300 _a387 ص. ؛
_c24 سم.
504 _aيشتمل على ارجاعات ببليوجرافية
650 0 7 _2qrmak
_aالمماليك
650 0 7 _2qrmak
_aدولة المماليك
_xالاحوال الاقتصادية
650 0 7 _2qrmak
_aدولة المماليك
_xالاحوال الاجتماعية
650 0 7 _2qrmak
_aالامبراطورية العثمانية
942 _2ddc
_cBK